00301nam a2200133Ia 45000030006000000080041000060400015000471000018000622450025000802500010001052600023001155460012001380050017001500STCL150530s9999 xx 000 0 und d aSTCLcSTCL aJhingan, M.L. aMacroeconomic theory aFifth bKonark Delhic1990 aEnglish20220125165658.0